[Event "Hastings Weekend op-A"]
[Site "Hastings"]
[Date "2024.01.06"]
[Round "1"]
[White "Chandler, Clifford R"]
[Black "Steiners, Emils"]
[Result "0-1"]
[WhiteElo "2206"]
[BlackElo "2021"]
[PlyCount "52"]
[EventDate "2024.01.06"]
[EventType "swiss"]
[EventRounds "5"]
[EventCountry "ENG"]
[SourceTitle "CB02_2024"]
[SourceDate "2024.01.10"]
[SourceVersion "1"]
[SourceVersionDate "2024.01.10"]
[SourceQuality "1"]

1. e4 e6 2. d4 d5 3. Nc3 Bb4 4. exd5 exd5 5. Bd3 Ne7 6. Qf3 c5 7. dxc5 d4 8. a3 Qa5 9. Nge2 dxc3 10. 0-0 Nbc6 11. axb4 Qxa1 12. bxc3 0-0 13. Bf4 Qa2 14. Bd6 Re8 15. b5 Nd8 16. c4 Qb2 17. Ng3 Ng6 18. Ne4 Ne5 19. Qg3 Nxd3 20. cxd3 Bf5 21. Qe3 Ne6 22. f4 Qd4 23. Qxd4 Nxd4 24. Be5 Bxe4 25. dxe4 Nb3 26. c6 bxc6 0-1

[Event "Hastings Masters op"]
[Site "Hastings"]
[Date "2023.12.31"]
[Round "4"]
[White "Han, Qixuan"]
[Black "Steiners, Emils"]
[Result "0-1"]
[WhiteElo "1603"]
[BlackElo "1993"]
[PlyCount "126"]
[EventDate "2023.12.28"]
[EventType "swiss"]
[EventRounds "9"]
[EventCountry "ENG"]
[SourceTitle "CB02_2024"]
[SourceDate "2024.01.10"]
[SourceVersion "1"]
[SourceVersionDate "2024.01.10"]
[SourceQuality "1"]

1. b3 d5 2. Bb2 e6 3. Nf3 Nf6 4. c4 c6 5. e3 Nbd7 6. d4 b6 7. cxd5 exd5 8. Nc3 Be7 9. Be2 0-0 10. 0-0 Bb7 11. Rc1 Rc8 12. Qd2 Bd6 13. Bd3 Re8 14. Qc2 Qe7 15. Nd2 Bb8 16. e4 c5 17. e5 cxd4 18. exf6 Qd6 19. Bxh7+ Kh8 20. fxg7+ Kxg7 21. Nf3 dxc3 22. Bxc3+ d4 23. Bxd4+ Kf8 24. Qb2 Rxc1 25. Bg7+ Ke7 26. Qxc1 Bxf3 27. Qg5+ f6 28. Qh6 Bc6 29. Qh5 Kd8 30. Bh6 Qxh2+ 31. Qxh2 Bxh2+ 32. Kxh2 Rh8 33. Rc1 Rxh7 34. Rxc6 Rxh6+ 35. Kg1 Rh5 36. b4 Rd5 37. Rc3 Rd1+ 38. Kh2 Ne5 39. Ra3 Rd3 40. Rxd3+ Nxd3 41. Kg3 Nxb4 42. a3 Nc2 43. a4 a5 44. Kf4 Ne1 45. g4 Nd3+ 46. Ke3 Nc5 47. f4 Nxa4 48. g5 fxg5 49. fxg5 Ke7 50. Kd3 Nc5+ 51. Kc4 Kf7 52. Kb5 Kg6 53. Kxb6 a4 54. Kxc5 a3 55. Kd4 a2 56. Ke4 a1Q 57. Kf4 Qe1 58. Kg4 Qf1 59. Kh4 Qf4+ 60. Kh3 Kxg5 61. Kg2 Kg4 62. Kg1 Kg3 63. Kh1 Qc1# 0-1

[Event "Hastings Masters op"]
[Site "Hastings"]
[Date "2023.12.30"]
[Round "3"]
[White "Ahn, Sungmin"]
[Black "Steiners, Emils"]
[Result "1-0"]
[WhiteElo "1836"]
[BlackElo "1993"]
[PlyCount "79"]
[EventDate "2023.12.28"]
[EventType "swiss"]
[EventRounds "9"]
[EventCountry "ENG"]
[SourceTitle "CB02_2024"]
[SourceDate "2024.01.10"]
[SourceVersion "1"]
[SourceVersionDate "2024.01.10"]
[SourceQuality "1"]

1. e4 e6 2. d4 d5 3. Nc3 Bb4 4. e5 c5 5. a3 Bxc3+ 6. bxc3 Ne7 7. Qg4 Qc7 8. Bd3 cxd4 9. Ne2 dxc3 10. Qxg7 Rg8 11. Qxh7 Qxe5 12. Bf4 Qf6 13. h4 Nd7 14. Bg5 Qh8 15. Qxh8 Rxh8 16. Nxc3 a6 17. 0-0-0 b5 18. h5 Bb7 19. h6 f6 20. Bd2 Nc5 21. Be2 e5 22. Bh5+ Kf8 23. f3 d4 24. Ne4 Nxe4 25. fxe4 Bxe4 26. Rhf1 f5 27. Rde1 Kg8 28. Bg5 Rh7 29. g4 Rc8 30. Rf2 Nd5 31. gxf5 Nc3 32. Bg6 Rhc7 33. Bf6 d3 34. h7+ Rxh7 35. Bxh7+ Kf7 36. Bxe5 Na2+ 37. Kb2 dxc2 38. Bg6+ Kg8 39. Rh2 c1Q+ 40. Rxc1 1-0

[Event "Uppsala Young Champions 10th"]
[Site "Uppsala"]
[Date "2023.11.01"]
[Round "8"]
[White "Steiners, Emils"]
[Black "Ostensson, Julia"]
[Result "1/2-1/2"]
[WhiteElo "1914"]
[BlackElo "1878"]
[PlyCount "98"]
[EventDate "2023.10.27"]
[EventType "swiss"]
[EventRounds "9"]
[EventCountry "SWE"]
[SourceTitle "Mega2024 Update 01"]
[Source "Chessbase"]
[SourceDate "2023.11.12"]
[SourceVersion "1"]
[SourceVersionDate "2023.11.12"]
[SourceQuality "1"]

1. d4 Nf6 2. c4 g6 3. Nc3 Bg7 4. e4 d6 5. Be2 0-0 6. Bg5 c5 7. d5 h6 8. Be3 e6 9. Qd2 exd5 10. exd5 Kh7 11. h3 Re8 12. Nf3 Ne4 13. Nxe4 Rxe4 14. Bd3 Re8 15. Rb1 Nd7 16. 0-0 Ne5 17. Nxe5 Rxe5 18. Bf4 Re7 19. b3 b6 20. a3 a5 21. a4 Raa7 22. Rbe1 Rxe1 23. Rxe1 Re7 24. Re2 Rxe2 25. Qxe2 Qf6 26. Bg3 Bd7 27. Qe3 Bf8 28. Qf4 Qxf4 29. Bxf4 Kg7 30. f3 Kf6 31. Kf2 Ke7 32. g4 Bg7 33. h4 Bf6 34. Kg3 g5 35. hxg5 hxg5 36. Be3 Be5+ 37. f4 gxf4+ 38. Bxf4 Bxf4+ 39. Kxf4 f6 40. g5 fxg5+ 41. Kxg5 Bc8 42. Be4 Ba6 43. Bf5 Bb7 44. Bg4 Ba6 45. Kg6 Bb7 46. Kg5 Ba6 47. Bf5 Bb7 48. Bh3 Ba6 49. Bf5 Bb7 1/2-1/2

[Event "Vilnius Elite op"]
[Site "Vilnius"]
[Date "2023.07.09"]
[Round "8"]
[White "Steiners, Emils"]
[Black "Limontas, Martynas"]
[Result "0-1"]
[WhiteElo "1725"]
[BlackElo "2296"]
[PlyCount "122"]
[EventDate "2023.07.05"]
[EventType "swiss"]
[EventRounds "8"]
[EventCountry "LTU"]
[SourceTitle "CBM 215 Extra"]
[Source "ChessBase"]
[SourceDate "2023.09.30"]
[SourceVersion "1"]
[SourceVersionDate "2023.09.30"]
[SourceQuality "1"]

1. d4 Nf6 2. c4 e6 3. Nc3 Bb4 4. e3 Nc6 5. Nge2 e5 6. d5 Ne7 7. a3 Bxc3+ 8. Nxc3 d6 9. Bd3 0-0 10. e4 h6 11. h3 Ng6 12. g3 Nh7 13. Be3 f5 14. exf5 Bxf5 15. Bxf5 Rxf5 16. Qg4 Qf6 17. Ne4 Qf7 18. 0-0-0 b6 19. h4 Kh8 20. Qe2 Nf6 21. Nxf6 Rxf6 22. Qg4 Ne7 23. f4 Nf5 24. Bf2 exf4 25. gxf4 Rf8 26. Rde1 c6 27. Qg2 Rg6 28. Qe4 cxd5 29. cxd5 Ng3 30. Bxg3 Rxg3 31. Rhf1 Rg4 32. Qe7 Qf5 33. Qe4 Rxh4 34. Kb1 Rxf4 35. Rxf4 Qxf4 36. Qe7 Rf7 37. Qe8+ Kh7 38. Ka1 Qf5 39. Qa8 Qd3 40. Qc6 Rf1 41. Rxf1 Qxf1+ 42. Ka2 Qf6 43. Qc7 Qe5 44. Qc2+ Kg8 45. Qc8+ Kf7 46. Qd7+ Qe7 47. Qf5+ Kg8 48. Qc8+ Kh7 49. Qf5+ g6 50. Qf4 h5 51. Kb3 Kg7 52. Qd4+ Qe5 53. Qc4 Kh6 54. Qc1+ g5 55. Qc6 h4 56. Qa8 h3 57. Qf8+ Kh5 58. Qf7+ Kg4 59. Qd7+ Kg3 60. Qe6 h2 61. Qh6 Qxd5+ 0-1

[Event "EU-ch Schools U11"]
[Site "Rhodes"]
[Date "2022.04.29"]
[Round "9"]
[White "Gabadadze, Gabriel"]
[Black "Steiners, Emils"]
[Result "1-0"]
[WhiteElo "1507"]
[BlackElo "1731"]
[PlyCount "77"]
[EventDate "2022.04.21"]
[EventType "swiss"]
[EventRounds "9"]
[EventCountry "GRE"]
[SourceTitle "CBM 208 Extra"]
[Source "ChessBase"]
[SourceDate "2022.07.31"]
[SourceVersion "1"]
[SourceVersionDate "2022.07.31"]
[SourceQuality "1"]

1. e4 c5 2. Nf3 e6 3. d4 cxd4 4. Nxd4 Nc6 5. Nc3 Qc7 6. Be3 a6 7. a3 Nf6 8. f4 d6 9. Bd3 Be7 10. Qf3 Nxd4 11. Bxd4 e5 12. fxe5 dxe5 13. Be3 0-0 14. 0-0 b5 15. Bg5 Bb7 16. Qh3 Rad8 17. Kh1 Qb6 18. Qg3 Qd6 19. Rad1 Qe6 20. Rf5 Nd7 21. Rdf1 Bxg5 22. Rxg5 g6 23. Be2 Qe7 24. Qh4 f6 25. Rg3 Nc5 26. Bh5 Ne6 27. Bxg6 hxg6 28. Rxg6+ Ng7 29. Ne2 Bc8 30. Ng3 Qe8 31. Qh6 Rf7 32. Nh5 Qe7 33. Rxg7+ Rxg7 34. Nxf6+ Kf8 35. Nd5+ Ke8 36. Nxe7 Rxe7 37. Qf8+ Kd7 38. Rd1+ Kc6 39. Qxd8 1-0

[Event "EU-ch Schools U11"]
[Site "Rhodes"]
[Date "2022.04.26"]
[Round "6"]
[White "Tatvidze, Davit"]
[Black "Steiners, Emils"]
[Result "1/2-1/2"]
[WhiteElo "1440"]
[BlackElo "1731"]
[PlyCount "127"]
[EventDate "2022.04.21"]
[EventType "swiss"]
[EventRounds "9"]
[EventCountry "GRE"]
[SourceTitle "CBM 208 Extra"]
[Source "ChessBase"]
[SourceDate "2022.07.31"]
[SourceVersion "1"]
[SourceVersionDate "2022.07.31"]
[SourceQuality "1"]

1. c4 e6 2. Nc3 d5 3. d4 c6 4. e4 dxe4 5. Nxe4 Bb4+ 6. Nc3 Nf6 7. a3 Be7 8. Nf3 0-0 9. Bd3 Nbd7 10. 0-0 a5 11. Bf4 b6 12. Qc2 h6 13. Rad1 Bb7 14. Ne5 Qc8 15. Ne4 Nxe4 16. Nxd7 Qxd7 17. Bxe4 Rac8 18. Qb3 b5 19. d5 cxd5 20. cxd5 exd5 21. Bxd5 Bxd5 22. Rxd5 Qg4 23. Bd2 a4 24. Qd3 Rfd8 25. Qxb5 Rxd5 26. Qxd5 Rd8 27. Qa5 Qe2 28. Bb4 Rd1 29. Rxd1 Qxd1+ 30. Be1 Bf6 31. Qa8+ Kh7 32. Qe4+ g6 33. Qe8 Bxb2 34. Qxf7+ Bg7 35. Qe7 Qa1 36. g3 Qe5 37. Qxe5 Bxe5 38. Bb4 Kg7 39. Kg2 Kf6 40. Kf3 Bd4 41. g4 Ke6 42. Ke4 Bxf2 43. h3 h5 44. gxh5 gxh5 45. Kf3 Bg1 46. Ke4 h4 47. Bf8 Kf6 48. Bd6 Kg5 49. Be7+ Kh5 50. Kf5 Bf2 51. Bf8 Be3 52. Be7 Bf2 53. Bf8 Bg1 54. Be7 Bf2 55. Bf8 Bg1 56. Be7 Ba7 57. Bf8 Bg1 58. Be7 Ba7 59. Bf8 Bg1 60. Be7 Bd4 61. Bf8 Bg1 62. Be7 Ba7 63. Bf8 Bg1 64. Be7 1/2-1/2

[Event "EU-ch Schools U11"]
[Site "Rhodes"]
[Date "2022.04.25"]
[Round "5"]
[White "Steiners, Emils"]
[Black "Bryant, Harry"]
[Result "1/2-1/2"]
[WhiteElo "1731"]
[BlackElo "1425"]
[PlyCount "99"]
[EventDate "2022.04.21"]
[EventType "swiss"]
[EventRounds "9"]
[EventCountry "GRE"]
[SourceTitle "CBM 208 Extra"]
[Source "ChessBase"]
[SourceDate "2022.07.31"]
[SourceVersion "1"]
[SourceVersionDate "2022.07.31"]
[SourceQuality "1"]

1. e4 c5 2. d4 cxd4 3. c3 dxc3 4. Nxc3 Nc6 5. Nf3 e6 6. Bc4 Bb4 7. 0-0 Nge7 8. Be3 Bxc3 9. bxc3 d5 10. exd5 exd5 11. Bd3 Bg4 12. Bf4 Qd7 13. h3 Bxf3 14. Qxf3 0-0 15. Rad1 Rad8 16. Rfe1 Rfe8 17. Bc2 Qc8 18. Bg5 h6 19. Bh4 d4 20. Qd3 g6 21. Bxe7 Rxe7 22. Rxe7 Nxe7 23. cxd4 Nd5 24. Bb3 Qc6 25. Bxd5 Qxd5 26. Qb3 Qxb3 27. axb3 Kf8 28. Kf1 Ke7 29. Ke2 Kd6 30. Kd3 Rd7 31. Rc1 b6 32. Re1 Re7 33. Rxe7 Kxe7 34. d5 Kd6 35. Kc4 a6 36. Kd4 h5 37. h4 Ke7 38. f3 f6 39. f4 Kd6 40. f5 gxf5 41. g3 Ke7 42. Kc4 Kd6 43. Kd4 Ke7 44. Kc4 Kd6 45. Kd4 f4 46. gxf4 f5 47. Kc4 b5+ 48. Kb4 Kxd5 49. Ka5 Kd4 50. Kxa6 1/2-1/2

[Event "Southend Easter op 64th"]
[Site "Southend"]
[Date "2022.04.15"]
[Round "1"]
[White "Steiners, Emils"]
[Black "Eames, Robert"]
[Result "0-1"]
[WhiteElo "1731"]
[BlackElo "2140"]
[PlyCount "83"]
[EventDate "2022.04.15"]
[EventType "swiss"]
[EventRounds "7"]
[EventCountry "ENG"]
[SourceTitle "CBM 207 Extra"]
[Source "ChessBase"]
[SourceDate "2022.05.31"]
[SourceVersion "1"]
[SourceVersionDate "2022.05.31"]
[SourceQuality "1"]

1. e4 e6 2. d4 d5 3. e5 c5 4. c3 Nc6 5. Nf3 Qb6 6. Bd3 cxd4 7. 0-0 Bd7 8. Re1 Nge7 9. h4 h6 10. a3 Rc8 11. cxd4 Nxd4 12. Nxd4 Qxd4 13. g3 Rxc1 14. Qxc1 Qxd3 15. Nc3 Bc6 16. Qf4 Ng6 17. Qg4 h5 18. Qd1 Qxd1 19. Raxd1 Be7 20. b4 a6 21. f4 Bd8 22. Kh2 Ne7 23. Ne2 Nf5 24. Nd4 Nxd4 25. Rxd4 Bb6 26. Rd2 Ke7 27. Rf1 g6 28. Rfd1 Rd8 29. Kg2 d4+ 30. Kf1 Bf3 31. Rc1 d3 32. Rc3 Be2+ 33. Ke1 Bd4 34. Rb3 Rc8 35. Rxe2 dxe2 36. Kxe2 f6 37. Kd3 fxe5 38. fxe5 Bxe5 39. Ke4 Rc3 40. Rxc3 Bxc3 41. Kd3 Be5 42. Ke4 0-1

[Event "Reykjavik Kvika op"]
[Site "Reykjavik"]
[Date "2022.04.09"]
[Round "5"]
[White "Steiners, Emils"]
[Black "Jonsson, Gauti Pall"]
[Result "0-1"]
[WhiteElo "1731"]
[BlackElo "2064"]
[PlyCount "100"]
[EventDate "2022.04.06"]
[EventType "swiss"]
[EventRounds "9"]
[EventCountry "ISL"]
[SourceTitle "CBM 207 Extra"]
[Source "ChessBase"]
[SourceDate "2022.05.31"]
[SourceVersion "1"]
[SourceVersionDate "2022.05.31"]
[SourceQuality "1"]

1. e4 c5 2. d4 cxd4 3. c3 d3 4. Bxd3 g6 5. Nf3 Bg7 6. 0-0 Nc6 7. Re1 d6 8. Bf4 Nf6 9. Nbd2 0-0 10. h3 Nd7 11. Nc4 Nc5 12. Bc2 Ne6 13. Bh2 b5 14. Ne3 Bd7 15. a3 a5 16. Rb1 b4 17. c4 Rb8 18. a4 b3 19. Bxb3 Nc5 20. Bc2 Bxb2 21. Qe2 Bg7 22. Rxb8 Nxb8 23. Rd1 Nc6 24. e5 dxe5 25. Ng4 f6 26. Qe3 Ne6 27. h4 Ned4 28. Be4 Bxg4 29. Bxc6 Qc8 30. Bd5+ e6 31. Be4 f5 32. Bb1 Bxf3 33. gxf3 Qc6 34. Kg2 Rb8 35. Bd3 Bh6 36. Be4 fxe4 37. Qxh6 exf3+ 38. Kh1 Qe4 39. Qg5 Nc6 40. h5 Rb1 41. Qg1 Rxd1 42. Qxd1 Qg4 43. Qf1 Qxh5 44. c5 Qg4 45. Bg3 h5 46. Kg1 h4 47. Qa6 hxg3 48. Qc8+ Kf7 49. Qd7+ Ne7 50. Qd2 gxf2+ 0-1

[Event "Reykjavik Kvika op"]
[Site "Reykjavik"]
[Date "2022.04.07"]
[Round "2"]
[White "Balzer, Lars"]
[Black "Steiners, Emils"]
[Result "1-0"]
[WhiteElo "2015"]
[BlackElo "1731"]
[PlyCount "53"]
[EventDate "2022.04.06"]
[EventType "swiss"]
[EventRounds "9"]
[EventCountry "ISL"]
[SourceTitle "CBM 207 Extra"]
[Source "ChessBase"]
[SourceDate "2022.05.31"]
[SourceVersion "1"]
[SourceVersionDate "2022.05.31"]
[SourceQuality "1"]

1. e4 e6 2. d4 d5 3. e5 c5 4. c3 Nc6 5. Be3 cxd4 6. cxd4 Bb4+ 7. Nc3 a6 8. Bd3 Nge7 9. Nge2 Nf5 10. 0-0 0-0 11. Rc1 Bxc3 12. bxc3 b5 13. Bf4 Bd7 14. Ng3 Na5 15. Nh5 Kh8 16. Qg4 Rg8 17. Bg5 Qf8 18. Qh3 h6 19. g4 Ne7 20. Nf6 gxf6 21. Bxh6 Rg7 22. exf6 Rxg4+ 23. Kh1 Qxh6 24. Qxh6+ Kg8 25. Bh7+ Kh8 26. Bf5+ Kg8 27. Bxg4 1-0

[Event "Palma de Mallorca op"]
[Site "Palma de Mallorca"]
[Date "2021.11.22"]
[Round "1"]
[White "Kolb, Markus"]
[Black "Steiners, Emils"]
[Result "1-0"]
[WhiteElo "1998"]
[BlackElo "1436"]
[PlyCount "69"]
[EventDate "2021.11.22"]
[EventType "swiss"]
[EventRounds "7"]
[EventCountry "ESP"]
[SourceTitle "CBM 205 Extra"]
[Source "ChessBase"]
[SourceDate "2022.01.31"]
[SourceVersion "1"]
[SourceVersionDate "2022.01.31"]
[SourceQuality "1"]

1. c4 e6 2. g3 Nf6 3. Bg2 d5 4. Nf3 c6 5. 0-0 Be7 6. d4 0-0 7. Qc2 Nbd7 8. Rd1 b5 9. b3 Bb7 10. Nc3 Rc8 11. Bb2 Qc7 12. Rac1 Rfd8 13. e4 dxe4 14. Ng5 c5 15. d5 exd5 16. cxd5 a6 17. Ncxe4 Nxe4 18. Nxe4 Bd6 19. f4 Nf8 20. Qc3 f6 21. Nxf6+ gxf6 22. Qxf6 Ng6 23. Bh3 Re8 24. Be6+ Rxe6 25. Qxe6+ Kf8 26. Qf6+ Kg8 27. Qe6+ Kf8 28. Re1 Qe7 29. f5 Qxe6 30. Rxe6 Ne7 31. Rxd6 Nxd5 32. Rd7 Rc7 33. Rxc7 Nxc7 34. b4 Nd5 35. bxc5 1-0